The theory of groups /
Guardado en:
| Autor Principal: | |
|---|---|
| Formato: | Libro |
| Idioma: | English |
| Publicado: |
New York :
Macmillan,
c1959.
|
| Etiquetas: |
Agregar Etiqueta
Sin Etiquetas, Sea el primero en etiquetar este registro!
|
| LEADER | 00466nam a22001575a 4500 | ||
|---|---|---|---|
| 001 | MAT.inmabb001391 | ||
| 008 | 031124s1959####nyu###########000#0#eng#d | ||
| 005 | 20130412083946.0 | ||
| 245 | 1 | 4 | |a The theory of groups / |c Marshall Hall, Jr. |
| 260 | |a New York : |b Macmillan, |c c1959. | ||
| 300 | |a xiii, 434 p. ; |c 22 cm. | ||
| 510 | 4 | |a MR, |c 21 #1996 | |
| 100 | 1 | |a Hall, Marshall, |d 1910-1990. | |
| 084 | |a 20-02 |2 msc2000 | ||
| 010 | |a 59005035 | ||
| 859 | |h 20 |i H174 |p A-1657 |b BIB. MATEMATICA | ||
